The terms of cultural critisism : the Frankfurt school, existentialism, poststructuralism

Αποθηκεύτηκε σε:
Λεπτομέρειες βιβλιογραφικής εγγραφής
Κύριος συγγραφέας: Wolin, Richard
Μορφή: Βιβλίο
Γλώσσα:English
Δημοσίευση: New York : Columbia University Press, 1992
Θέματα:
Ετικέτες: Προσθήκη ετικέτας
Δεν υπάρχουν, Καταχωρήστε ετικέτα πρώτοι!

MARC

LEADER 00000nam a2200000 i 4500
001 1/3524
008 960327s1992 eng d
020 |a 0-231-07664-9 
035 |l 10015248 
040 |a GR-MY-UA  |b gre  |e aacr 
041 0 |a eng 
082 0 |a 301.01 
100 1 |a Wolin, Richard. 
245 1 4 |a The terms of cultural critisism :  |b the Frankfurt school, existentialism, poststructuralism /  |c Richard Wolin 
260 |a New York :   |b Columbia University Press,   |c 1992 
300 |a 256 p. 
504 |a Includes bibliographical references and index 
650 0 0 |a Critical theory. 
650 0 0 |a Existentialism. 
650 0 0 |a Structuralism. 
650 0 0 |a Postmodernism  |x Social aspects. 
650 0 0 |a Pragmatism. 
852 |a INST  |b LESVOS  |e 19960327  |h 301.01 WOL  |p 005100006710  |q 005100006710  |t BK  |y 0 
909 |a Λ  |b 043891